ბათუმის შოთა რუსთაველის სახელმწიფო უნივერსიტეტის ბიბლიოთეკა

XX საუკუნის ფილოსოფიის ისტორია (ბიბ.ჩანაწერი № 34773)

000 -LEADER
fixed length control field 00806nam a2200241Ia 4500
001 - CONTROL NUMBER
control field 583
003 - CONTROL NUMBER IDENTIFIER
control field GE_BSU
008 - FIXED-LENGTH DATA ELEMENTS--GENERAL INFORMATION
fixed length control field 181216s||||||||xx |||||||||||||| ||und||
020 ## - INTERNATIONAL STANDARD BOOK NUMBER
International Standard Book Number 9992891114
040 ## - CATALOGING SOURCE
Transcribing agency GE_BSU
080 ## - UNIVERSAL DECIMAL CLASSIFICATION NUMBER
Universal Decimal Classification number 1(479.22).09
100 ## - MAIN ENTRY--PERSONAL NAME
Personal name თევზაძე,გურამ
245 ## - TITLE STATEMENT
Title XX საუკუნის ფილოსოფიის ისტორია
245 ## - TITLE STATEMENT
Statement of responsibility, etc. რედ.თამაზ ბუაჩიძე
260 ## - PUBLICATION, DISTRIBUTION, ETC.
Place of publication, distribution, etc. თბილისი
260 ## - PUBLICATION, DISTRIBUTION, ETC.
Name of publisher, distributor, etc. თბილისის უნივერსიტეტის გამ–ბა
260 ## - PUBLICATION, DISTRIBUTION, ETC.
Date of publication, distribution, etc. 2002
300 ## - PHYSICAL DESCRIPTION
Extent 608გვ.
653 ## - INDEX TERM--UNCONTROLLED
Uncontrolled term XX საუკუნის ფილოსოფიის ისტორია
653 ## - INDEX TERM--UNCONTROLLED
Uncontrolled term ფილოსოფია
942 ## - ADDED ENTRY ELEMENTS (KOHA)
Koha item type წიგნი
ეგზემპლარები
Withdrawn status Lost status Damaged status Not for loan Date acquired Barcode Date last seen Price effective from Koha item type
        2018-12-17 1592 2018-12-17 2018-12-17 წიგნი